Powyżej 10 tys. mieszkańców - woj. zachodnio-pomorskie - Statystyki

Ogólne statystyki
  • Ten quiz został rozwiązany 36 razy
  • Średni wynik to 14 z 23
Statystyki odpowiedzi
Hint Odpowiedź % Poprawnych
390 278 Szczecin
97%
105 905 Koszalin
93%
43 680 Kołobrzeg
90%
39 189 Świnoujście
83%
32 034 Police
79%
67 430 Stargard
79%
38 148 Szczecinek
72%
24 802 Wałcz
69%
22 561 Białogard
66%
11 343 Drawsko Pomorskie
66%
15 728 Gryfice
66%
21 876 Goleniów
62%
20 792 Gryfino
59%
12 715 Darłowo
52%
15 268 Świdwin
52%
10 558 Myślibórz
48%
11 839 Sławno
48%
17 654 Nowogard
45%
13 986 Choszczno
41%
12 435 Pyrzyce
38%
12 106 Złocieniec
34%
13 049 Barlinek
24%
12 159 Dębno
14%
Nie znaleziono quizów pasujących do podanych kryteriów
Rozkład punktacji
Procent ludzi z każdym wynikiem
Percentyl według liczby udzielonych odpowiedzi
Twoja historia wyników
Nie rozwiązałeś tego quizu